Jugadores del FC Barcelona desde 2000/01 - Estadísticas

Estadísticas generales
  • Esta prueba ha sido intentada 4.358 veces
    417 desde el último reinicio
  • La puntuación promedio es 89 de 191
Estadísticas de respuestas
Nacionalidad Posición Jugador % Correcto
ARG DEL Messi
97%
BRA DEL Neymar
95%
ESP MED Xavi
95%
ESP MED Denis Suárez
94%
URY DEL Luis Suárez
94%
ESP MED Iniesta
93%
DEU POR ter Stegen
93%
ESP DEL Lamine Yamal
91%
ESP DEF Puyol
91%
ESP MED Pedri
90%
ESP DEF Piqué
90%
NLD DEL | MED De Jong
89%
ESP POR Víctor Valdés
88%
BRA MED Ronaldinho
87%
ESP MED Busquets
86%
ESP DEL Luis García
86%
ESP POR Joan García
84%
CMR DEL Eto'o
83%
POL DEL Lewandowski
83%
URY DEF Araújo
82%
ESP DEF Jordi Alba
82%
ESP MED Gavi
81%
BRA DEF Dani Alves
80%
BRA DEL Raphinha
80%
CHL POR Bravo
79%
ESP DEF Cubarsí
79%
ESP DEL Villa
79%
SWE DEL Ibrahimovic
76%
FRA DEF Koundé
76%
ARG MED Mascherano
76%
ESP DEF Aleix Vidal
75%
CHL DEL Arturo Vidal
75%
ESP DEF Balde
75%
ESP DEL Pedro
75%
FRA DEL Dembélé
74%
CHL DEL Alexis Sánchez
73%
HRV MED Rakitic
73%
FRA DEF Umtiti
73%
ESP DEF Eric García
72%
FRA DEF Abidal
71%
ESP DEL Ferran Torres
71%
ESP DEL Fermín
69%
MEX DEF Márquez
69%
FRA DEL Griezmann
68%
ESP POR Pinto
68%
TUR MED Arda Turan
67%
POL POR Szczesny
66%
PRT DEF Cancelo
65%
GAB DEL Aubameyang
64%
BRA MED Coutinho
64%
FRA DEL Henry
64%
ESP MED Dani Olmo
63%
BRA MED Rivaldo
63%
ESP MED Casadó
62%
FRA DEF Lenglet
62%
CIV MED Touré Yaya
62%
ESP MED Bernal
61%
ESP MED Cesc Fàbregas
61%
DNK DEF Christensen
61%
ENG DEL Rashford
60%
ESP DEF Gerard Martín
58%
PRT MED Deco
57%
ESP DEF Íñigo Martínez
57%
ESP MED Sergi Roberto
57%
ESP POR Iñaki Peña
56%
COL DEF Yerry Mina
56%
ESP DEL Ansu Fati
55%
ITA DEF Zambrotta
55%
ESP DEF Sergi
54%
ESP DEL Dani
53%
NLD DEL Depay
53%
USA DEF Dest
53%
ESP MED Guardiola
53%
MLI MED Keita
53%
PRT MED André Gomes
52%
BRA DEF Adriano
51%
PRT DEL João Félix
50%
SWE DEL Larsson
50%
ESP MED Luis Enrique
50%
SWE DEL Roony Bardghji
50%
ESP MED Thiago
50%
BRA MED Rafinha
49%
ARG DEL Agüero
48%
ESP DEL Bojan
48%
NLD POR Cillessen
48%
BRA MED Paulinho
48%
PRT DEF Semedo
47%
MAR DEL Abde
46%
BRA MED Arthur
46%
MEX DEL Gio dos Santos
46%
ESP DEL Munir
46%
ESP MED Gerard
45%
MEX MED Jonathan dos Santos
45%
BIH MED Pjanic
45%
BRA POR Neto
44%
ESP DEF Bartra
43%
DEU MED Gündogan
42%
FRA DEF Mathieu
42%
ARG DEL Maxi López
42%
BRA DEF Maxwell
42%
ESP DEF Óscar López
42%
ESP DEL Adama Traoré
41%
ARG DEF Milito
41%
BEL DEF Vermaelen
41%
ESP MED Pablo Torre
39%
ESP MED Riqui Puig
39%
CIV MED Kessié
38%
ARG DEL Saviola
38%
BRA DEF Belletti
37%
ARG MED Riquelme
37%
CMR MED Song
37%
ITA MED Motta
36%
ESP DEL Alcácer
35%
DNK DEL Braithwaite
35%
UKR DEF Chigrinskiy
35%
FRA DEF Digne
35%
ESP DEF Mario
34%
ESP DEL Deulofeu
33%
NLD DEL Kluivert
33%
ESP DEF Mingueza
33%
ESP DEL Pau Víctor
33%
ISL DEL Gudjohnsen
31%
VEN DEL Jeffren
31%
FRA DEL Giuly
30%
COL DEF Murillo
30%
NLD MED Cocu
29%
NLD DEF De Boer
29%
AUT MED Demir
29%
BRA DEL Malcom
29%
URY DEF Martín Cáceres
29%
ESP MED Oriol Romeu
29%
GHA DEL Prince
29%
FRA DEF Thuram
29%
PRT DEL Trincão
29%
ESP DEF Júnior Firpo
28%
ESP DEF Marcos Alonso
28%
NLD MED Davids
27%
ESP MED Nico
27%
BRA DEF Douglas
26%
BRA DEF Emerson Royal
26%
ESP DEF Montoya
26%
ESP DEL Tello
26%
NLD MED van Bommel
26%
NLD MED Afellay
25%
BLR MED Hleb
25%
ESP DEL Isaac Cuenca
25%
FIN MED Litmanen
25%
ESP DEL Sandro
25%
BRA MED Edmilson
24%
ESP DEF Oleguer
24%
BRA DEF Sylvinho
24%
BRA DEL Vitor Roque
24%
ESP DEF Abelardo
23%
ESP DEF Bellerín
23%
FRA MED Petit
23%
ESP POR Reina
23%
ESP POR Arnau
22%
NDL DEF Gio van Bronckhorst
22%
ESP POR Masip
22%
NLD DEL Overmars
22%
ESP MED Samper
22%
ESP MED Aleñá
21%
ARG POR Bonano
21%
PRT DEL Quaresma
21%
ARG DEF Sorín
20%
ITA DEF Coco
18%
ESP POR Jorquera
18%
TUR POR Rüstü
18%
FRA DEF Todibo
17%
SEN DEF Wagué
16%
ESP DEF Fontàs
15%
PRT DEL Simão
15%
NLD MED Zenden
15%
SWE DEF Andersson
14%
ESP MED De la Peña
14%
DEU POR Enke
14%
ESP MED Mendieta
14%
NLD DEF Reiziger
14%
ITA MED Albertini
13%
ESP MED Gabri
12%
BRA DEL Geovanni
12%
ESP DEL Alfonso
11%
FRA POR Dutruel
11%
ESP DEF Muniesa
11%
ESP DEL Ezquerro
10%
ESP POR Oier
10%
BRA MED Matheus Fernandes
9%
FRA DEF Christanval
8%
ESP DEF Fernando Navarro
8%
BRA MED Rochemback
7%
No se encontraron pruebas coincidentes
Distribución de puntuación
Porcentaje de gente con cada puntuación
Porcentaje por número respondido
Historial de tus puntuaciones
No has intentado esta prueba desde el último reinicio